MARC details
| 000 -CABECERA |
| campo de control de longitud fija |
02612nab a2200313 a 4500 |
| 005 - FECHA Y HORA DE LA ÚLTIMA TRANSACCIÓN |
| campo de control |
20250227063838.0 |
| 008 - ELEMENTOS DE LONGITUD FIJA--INFORMACIÓN GENERAL |
| campo de control de longitud fija |
991125c2018 cr fr p o 000 0 spa d |
| 035 ## - NÚMERO DE CONTROL DEL SISTEMA |
| Número de control de sistema |
UPN01000230894 |
| 040 ## - FUENTE DE LA CATALOGACIÓN |
| Centro catalogador/agencia de origen |
MX-MxUPN |
| Lengua de catalogación |
spa |
| Centro/agencia transcriptor |
MX-MxUPN |
| Normas de descripción |
aacr2 |
| 049 ## - COLECCIÓN |
| Colección |
ART-E |
| 100 1# - ASIENTO PRINCIPAL--NOMBRE PERSONAL |
| Nombre de persona |
Figueroa de la Fuente, Mariana |
| Enlace |
- mfigueroa@uqroo.edu.mx |
| 100 1# - ASIENTO PRINCIPAL--NOMBRE PERSONAL |
| Nombre de persona |
Glasserman Morales, Leonardo David |
| 100 1# - ASIENTO PRINCIPAL--NOMBRE PERSONAL |
| Nombre de persona |
Ramírez Montoya, María Soledad |
| 245 10 - MENCIÓN DE TÍTULO |
| Título |
M-learning y desarrollo de habilidades digitales en educación superior a distancia |
| Medio |
[recurso electrónico en línea] |
| 506 0# - NOTA DE RESTRICCIONES AL ACCESO |
| Limitaciones de acceso |
Acceso abierto |
| 520 3# - NOTA DE RESUMEN, ETC. |
| Sumario, etc. |
El aprendizaje mediado por la tecnología ha requerido el desarrollo de nuevas habilidades para enseñar y construir el conocimiento. Aunada a esto, la introducción de los dispositivos móviles como herramienta de enseñanza ha aportado flexibilidad y libertad sin precedentes, revolucionado las prácticas educativas del siglo XXI. En este contexto, el presente estudio cualitativo muestra los resultados de implementar estrategias de m-learningen un ambiente virtual de aprendizaje, con el objetivo de analizar el proceso de desarrollo de habilidades digitales. De igual forma, busca determinar si es posible incrementar la motivación de los estudiantes, mediante la integración de actividades interactivas de aprendizaje (storylines) con la herramienta de tecnología educativa llamada Sharable Content Object Reference Model (SCORM). La pregunta que guió la investigación fue: ¿Cómo desarrolla las estrategias de aprendizaje del m-learning la alfabetización digital, en un curso de educación a distancia? Entre los principales hallazgos se encontró: a) la alfabetización digital se desarrolla al incluir recursos didácticos vinculados a la tecnología móvil; b) el uso de los dispositivos móviles apoya en estrategias didácticas que promueven el desarrollo de habilidades digitales; y c) la tecnología SCORM puede incrementar la motivación de los estudiantes, al apoyar el proceso educativo virtual de forma interactiva. |
| 650 #4 - ASIENTO SECUNDARIO DE MATERIA - TERMINO TEMATICO |
| Término de materia o nombre geográfico como elemento de entrada |
Alfabetización digital |
| 9 (RLIN) |
21774 |
| 650 #4 - ASIENTO SECUNDARIO DE MATERIA - TERMINO TEMATICO |
| Término de materia o nombre geográfico como elemento de entrada |
Tecnología educativa |
| 9 (RLIN) |
4978 |
| 650 #4 - ASIENTO SECUNDARIO DE MATERIA - TERMINO TEMATICO |
| Término de materia o nombre geográfico como elemento de entrada |
Educación superior |
| 9 (RLIN) |
32 |
| 653 0# - TERMINO DE INDIZACION - NO CONTROLADO |
| Término no controlado |
Ambiente virtual de aprendizaje |
| 653 0# - TERMINO DE INDIZACION - NO CONTROLADO |
| Término no controlado |
Habilidades digitales |
| 653 0# - TERMINO DE INDIZACION - NO CONTROLADO |
| Término no controlado |
Aprendizaje móvil |
| 773 ## - ENLACE AL DOCUMENTO FUENTE/ENTRADA DE REGISTRO ANFITRIÓN |
| Parte(s) relacionada(s) |
Vol. 13, no. 2 (2018), p. 97-118 |
| Título |
Ensayos pedagógicos |
| Número Internacional Normalizado para Publicaciones Seriadas |
2215-3330 |
| 856 40 - LOCALIZACIÓN Y ACCESO ELECTRÓNICOS |
| Identificador Uniforme del Recurso |
<a href="https://www.revistas.una.ac.cr/index.php/ensayospedagogicos/article/view/11327/14487">https://www.revistas.una.ac.cr/index.php/ensayospedagogicos/article/view/11327/14487</a> |
| 856 40 - LOCALIZACIÓN Y ACCESO ELECTRÓNICOS |
| Identificador Uniforme del Recurso |
<a href="http://dx.doi.org/10.15359/rep.13-2.5">http://dx.doi.org/10.15359/rep.13-2.5</a> |
| 902 ## - ELEMENTOS DE DATOS B LOCAL, LDB (RLIN) |
| Creó |
RGJD/020223 |
| Modificó |
RGJD/020223 |
| 905 ## - TIPO DE MATERIAL |
| Tipo de material |
Articulo |
| 942 ## - ELEMENTOS DE PUNTO DE ACCESO ADICIONAL (KOHA) |
| Tipo de ítem Koha |
Artículo Electrónico |